000 00299nam a2200121Ia 4500
005 20251222142007.0
008 251222s9999||||xx |||||||||||||| ||spa||
082 _a370/C14
100 _aCáceres Valdivia, Eduardo
245 0 _aEducación y Ciudadanía:
264 _bForo Educativo
942 _cLIB
999 _c10193
_d10193